Geography Quiz

Random Geography or City Quiz

Find 7 Cities: Australia and New Zealand Quiz Stats

 Plays Quiz not verified by Sporcle

Score 0/7 Timer 02:30
0 Plays Today
% Correct
Perth
92.7%
Darwin
90.9%
Sydney
90.5%
Melbourne
89.8%
Hobart
89.2%
Christchurch
87%
Auckland
85.7%

You're not logged in!

Compare scores with friends on all Sporcle quizzes.
OR
Log In

Show Comments

Extras

Top Quizzes Today


Score Distribution

Your Account Isn't Verified!

In order to create a playlist on Sporcle, you need to verify the email address you used during registration. Go to your Sporcle Settings to finish the process.

Report this User

Report this user for behavior that violates our Community Guidelines.

Details: